[Event "XXIV Festival Conca della Presolana A"]
[Site "Bratto - Castione della Presolana ITA"]
[Date "2004.08.25"]
[Round "6"]
[White "Gosio, Denis"]
[Black "De Marco, Walter"]
[Result "1-0"]
[WhiteElo "2170"]
[BlackElo "2053"]
[PlyCount "61"]
[EventDate "2004.08.20"]

1.e4 d6 2.d4 Nf6 3.Nc3 g6 4.Be3 Bg7 5.f3 O-O 6.Qd2 c6 7.Bh6 Bxh6 8.Qxh6 
Qb6 9.O-O-O Qa5 10.g4 b5 11.e5 Nd5 12.Nxd5 cxd5 13.Nh3 f6 14.exf6 exf6 15.
Kb1 Nc6 16.Nf4 Ne7 17.Bd3 f5 18.Rde1 Rf7 19.Nxd5 Qd8 20.Nxe7+ Rxe7 21.gxf5
Rxe1+ 22.Rxe1 Qf8 23.Qxf8+ Kxf8 24.fxg6 hxg6 25.Bxg6 Bd7 26.Be4 Re8 27.d5 
Re5 28.c3 Kg7 29.Rg1+ Kf7 30.Kc2 Rh5 31.Bg6+ 1-0

[Event "XXIV Festival Conca della Presolana A"]
[Site "Bratto - Castione della Presolana ITA"]
[Date "2004.08.25"]
[Round "6"]
[White "Guido, Flavio"]
[Black "Epishin, Vladimir V."]
[Result "1/2-1/2"]
[WhiteElo "2338"]
[BlackElo "2635"]
[PlyCount "70"]
[EventDate "2004.08.20"]

1.e4 c5 2.Nf3 e6 3.c3 Nf6 4.e5 Nd5 5.d4 cxd4 6.cxd4 d6 7.Bc4 Be7 8.O-O O-O
9.Qe2 Na6 10.Rd1 Nac7 11.Nc3 Bd7 12.Bd3 Nxc3 13.bxc3 Ba4 14.Qe4 g6 15.Re1 
Bc6 16.Qg4 Bxf3 17.Qxf3 dxe5 18.Rxe5 Nd5 19.Bh6 Rc8 20.Bxf8 Bxf8 21.c4 Nb6
22.Rd1 Bg7 23.Re4 Na4 24.Bf1 b5 25.d5 e5 26.Rc1 Nc5 27.cxb5 Nxe4 28.Rxc8 
Qxc8 29.Qxe4 Bf8 30.Qxe5 Qc5 31.a4 Qb4 32.Qe8 Kg7 33.Qe5+ Kg8 34.Qe8 Kg7 
35.Qe5+ Kg8 1/2-1/2

[Event "XXIV Festival Conca della Presolana A"]
[Site "Bratto - Castione della Presolana ITA"]
[Date "2004.08.25"]
[Round "6"]
[White "Jonkman, Harmen"]
[Black "Maksimenko, Andrei"]
[Result "1/2-1/2"]
[WhiteElo "2425"]
[BlackElo "2524"]
[PlyCount "50"]
[EventDate "2004.08.20"]

1.e4 c5 2.c3 Nf6 3.e5 Nd5 4.Nf3 Nc6 5.Bc4 Nb6 6.Bb3 d6 7.exd6 Qxd6 8.O-O 
Be6 9.Qe2 Bxb3 10.axb3 Rd8 11.Qb5 Rd7 12.Na3 e6 13.Nc2 Be7 14.d4 cxd4 15.
Ncxd4 Nxd4 16.Nxd4 a6 17.Qh5 O-O 18.Re1 Rfd8 19.Nf3 Bf6 20.h3 Qd3 21.Bg5 
Qf5 22.Qh4 Bxg5 23.Nxg5 Nd5 24.Ne4 Nf4 25.Ng3 Qf6 1/2-1/2

[Event "XXIV Festival Conca della Presolana A"]
[Site "Bratto - Castione della Presolana ITA"]
[Date "2004.08.25"]
[Round "6"]
[White "Karr, Jean-Philippe"]
[Black "Capitelli, Paolo"]
[Result "0-1"]
[WhiteElo "2370"]
[BlackElo "2137"]
[PlyCount "82"]
[EventDate "2004.08.20"]

1.d4 Nf6 2.c4 g6 3.Nc3 Bg7 4.e4 d6 5.Nf3 O-O 6.Be2 e5 7.O-O Nc6 8.d5 Ne7 
9.b4 Nh5 10.Re1 Nf4 11.Bf1 f5 12.Bxf4 exf4 13.e5 g5 14.Rc1 g4 15.exd6 cxd6
16.Nd4 Be5 17.c5 Ng6 18.Ncb5 Qf6 19.Rc4 f3 20.Nxd6 fxg2 21.Bxg2 Nf4 22.
Nxc8 Raxc8 23.Ne6 Nxg2 24.Kxg2 Rfe8 25.Qd2 b5 26.Rc2 f4 27.Qd3 f3+ 28.Kh1 
Rxe6 29.dxe6 Qf4 30.Rxe5 Qxe5 31.Qe3 Qxe3 32.fxe3 Kf8 33.Kg1 Ke7 34.Kf2 
Kxe6 35.Kg3 h5 36.Rd2 Ke5 37.Rd4 Rf8 38.Kf2 Rf6 39.Rf4 Ra6 40.h3 Rxa2+ 41.
Kf1 gxh3 0-1

[Event "XXIV Festival Conca della Presolana A"]
[Site "Bratto - Castione della Presolana ITA"]
[Date "2004.08.25"]
[Round "6"]
[White "Lanzani, Mario"]
[Black "Zoldan, Matteo"]
[Result "1/2-1/2"]
[WhiteElo "2365"]
[BlackElo "2103"]
[PlyCount "46"]
[EventDate "2004.08.20"]

1.e4 c5 2.Nf3 d6 3.d4 cxd4 4.Nxd4 Nf6 5.Nc3 e6 6.Be2 a6 7.O-O Qc7 8.f4 Be7
9.a4 Nc6 10.Be3 O-O 11.Kh1 Re8 12.a5 Nxa5 13.e5 dxe5 14.fxe5 Qxe5 15.Bf4 
Qc5 16.Na4 Qa7 17.Bc7 Nc6 18.Nb6 Nxd4 19.Qxd4 Bd7 20.Rxf6 Bxf6 21.Qxd7 Re7
22.Qd6 Rxc7 23.Qxc7 Bd8 1/2-1/2

[Event "XXIV Festival Conca della Presolana A"]
[Site "Bratto - Castione della Presolana ITA"]
[Date "2004.08.25"]
[Round "6"]
[White "Lapiccirella, Daniele"]
[Black "Bottino, Alexiei"]
[Result "1/2-1/2"]
[WhiteElo "2104"]
[BlackElo "2061"]
[PlyCount "23"]
[EventDate "2004.08.20"]

1.d4 Nf6 2.c4 g6 3.Nc3 d5 4.Nf3 Bg7 5.Bg5 Ne4 6.cxd5 Nxg5 7.Nxg5 c6 8.Nf3 
cxd5 9.e3 O-O 10.Qb3 e6 11.Bd3 Nc6 12.O-O 1/2-1/2

[Event "XXIV Festival Conca della Presolana A"]
[Site "Bratto - Castione della Presolana ITA"]
[Date "2004.08.25"]
[Round "6"]
[White "Lapiccirella, Mattia"]
[Black "Tatai, Stefano"]
[Result "1-0"]
[WhiteElo "2233"]
[BlackElo "2357"]
[PlyCount "51"]
[EventDate "2004.08.20"]

1.d4 Nf6 2.c4 e6 3.Nf3 c5 4.d5 exd5 5.cxd5 d6 6.Nc3 g6 7.Nd2 Nbd7 8.e4 a6 
9.a4 Bg7 10.Be2 O-O 11.O-O Re8 12.f4 Qc7 13.Kh1 c4 14.e5 dxe5 15.Nxc4 Rf8 
16.d6 Qd8 17.fxe5 Ne8 18.Nd5 Nxe5 19.Ne7+ Kh8 20.Bg5 f6 21.Nxe5 Qxd6 22.
N5xg6+ hxg6 23.Nxg6+ Kg8 24.Bc4+ Rf7 25.Qb3 Qc7 26.Bf4 1-0

[Event "XXIV Festival Conca della Presolana A"]
[Site "Bratto - Castione della Presolana ITA"]
[Date "2004.08.25"]
[Round "6"]
[White "Maccagno, Giancarlo"]
[Black "Patelli, Alessandro"]
[Result "1/2-1/2"]
[WhiteElo "2099"]
[BlackElo "2211"]
[PlyCount "43"]
[EventDate "2004.08.20"]

1.e4 c5 2.c3 d5 3.exd5 Qxd5 4.d4 Nf6 5.Nf3 e6 6.Bd3 Nc6 7.O-O cxd4 8.cxd4 
Be7 9.Nc3 Qd8 10.a3 O-O 11.Re1 b6 12.Bg5 Bb7 13.Rc1 Nd5 14.Bxe7 Ncxe7 15.
Bb1 Rc8 16.Ng5 Nf5 17.Qd2 h6 18.Nf3 Nde7 19.Be4 Bxe4 20.Rxe4 Nd5 21.Ne5 
Nf6 22.Rf4 1/2-1/2

[Event "XXIV Festival Conca della Presolana A"]
[Site "Bratto - Castione della Presolana ITA"]
[Date "2004.08.25"]
[Round "6"]
[White "Maiorov, Nikita"]
[Black "Sardo, Gabriele"]
[Result "1-0"]
[WhiteElo "2414"]
[BlackElo "2202"]
[PlyCount "49"]
[EventDate "2004.08.20"]

1.d4 d5 2.c4 c6 3.Nc3 Nf6 4.e3 a6 5.Qc2 b5 6.b3 Bg4 7.Nge2 Nbd7 8.h3 Bxe2 
9.Bxe2 e5 10.dxe5 Nxe5 11.Bb2 Bb4 12.O-O Qe7 13.cxd5 cxd5 14.Rad1 Rc8 15.
Qf5 O-O 16.Nxd5 Nxd5 17.Rxd5 Ng6 18.Rfd1 Rfd8 19.Rd7 Rxd7 20.Rxd7 Qe8 21.
Rxf7 Bc3 22.Bxc3 Rxc3 23.Rd7 Rc1+ 24.Rd1 Qc6 25.Bc4+ 1-0

[Event "XXIV Festival Conca della Presolana A"]
[Site "Bratto - Castione della Presolana ITA"]
[Date "2004.08.25"]
[Round "6"]
[White "Mariano, Elia"]
[Black "Navarro, Stefano"]
[Result "1/2-1/2"]
[WhiteElo "2212"]
[BlackElo "2117"]
[PlyCount "99"]
[EventDate "2004.08.20"]

1.d4 d5 2.c4 e6 3.Nc3 c6 4.cxd5 exd5 5.Nf3 Nf6 6.Bg5 Be7 7.e3 Nbd7 8.Bd3 
O-O 9.Qc2 Re8 10.O-O Nf8 11.h3 Ng6 12.Bxf6 Bxf6 13.Rab1 Kh8 14.b4 a6 15.a4
Nh4 16.Nxh4 Bxh4 17.b5 axb5 18.axb5 Qg5 19.Kh2 Qh6 20.bxc6 bxc6 21.Bf5 Ba6
22.Bd3 Bc8 23.Na4 Bd8 24.Nb6 Qd6+ 25.g3 Rb8 26.Nxc8 Rxc8 27.Kg2 Be7 28.
Rfc1 Bd8 29.Qa4 g6 30.Ba6 Rc7 31.Bb7 Re6 32.Rb6 Qd7 33.Bxc6 Qd6 34.Ra6 Qe7
35.Rc5 Kg7 36.Rxd5 Rexc6 37.Rxc6 Qe4+ 38.f3 Qxd5 39.Rxc7 Bxc7 40.Qc2 Qd6 
41.f4 Bb6 42.Qc4 Qe6 43.Qxe6 fxe6 44.g4 Kf6 45.h4 h6 46.Kf3 Kf7 47.Ke4 Bd8
48.g5 hxg5 49.hxg5 Bb6 50.d5 1/2-1/2

[Event "XXIV Festival Conca della Presolana A"]
[Site "Bratto - Castione della Presolana ITA"]
[Date "2004.08.25"]
[Round "6"]
[White "Marinelli, Gian Marco"]
[Black "Contini, Gabriele"]
[Result "1/2-1/2"]
[WhiteElo "2018"]
[BlackElo "2048"]
[PlyCount "157"]
[EventDate "2004.08.20"]

1.e4 d5 2.exd5 Nf6 3.Bb5+ Nbd7 4.c4 a6 5.Ba4 b5 6.cxb5 Nxd5 7.Nc3 N5b6 8.
Bb3 e6 9.d4 axb5 10.Nxb5 Ba6 11.Nc3 Bd6 12.Nf3 O-O 13.Bc2 Re8 14.Bd3 Bb7 
15.O-O Bxf3 16.Qxf3 Qh4 17.h3 Qxd4 18.Qe4 Qxe4 19.Bxe4 Ra5 20.Rd1 Rb8 21.
a3 Nc5 22.Bc2 Be5 23.Rb1 Bxc3 24.bxc3 Rba8 25.Bf4 Rxa3 26.Bxc7 Nd5 27.Bd6 
Rxc3 28.Ra1 Rc8 29.Bb1 g6 30.Be5 Rb3 31.Rc1 Nb6 32.Bc2 Rb4 33.Rcb1 Rxb1+ 
34.Bxb1 Ncd7 35.Bb2 Ra8 36.Rxa8+ Nxa8 37.f4 Nab6 38.Ba2 Nd5 39.Bxd5 exd5 
40.Kf2 f5 41.Ke3 Kf7 42.g4 Ke6 43.Bd4 Nb8 44.Kd3 Nc6 45.Bc5 fxg4 46.hxg4 
h5 47.gxh5 gxh5 48.Ke3 Kf5 49.Kf3 Nd8 50.Kg3 Ne6 51.Be3 d4 52.Bd2 d3 53.
Kf3 h4 54.Be1 Nxf4 55.Bd2 Nd5 56.Be1 h3 57.Bd2 Nb6 58.Kg3 Nc4 59.Be1 Ke4 
60.Kxh3 Kf3 61.Bc3 Nd6 62.Kh2 Kf2 63.Bb4 Ne4 64.Ba5 Nf6 65.Kh3 Kf3 66.Kh4 
Nd5 67.Kg5 Ke4 68.Kg4 Ke3 69.Kg3 Kd4 70.Bd2 Nc3 71.Kf2 Nb1 72.Ke1 Nc3 73.
Kf2 Kc4 74.Ke1 Kb3 75.Bh6 Kc2 76.Be3 Ne2 77.Bh6 Nd4 78.Kf2 Kd1 79.Ke3 
1/2-1/2

[Event "XXIV Festival Conca della Presolana A"]
[Site "Bratto - Castione della Presolana ITA"]
[Date "2004.08.25"]
[Round "6"]
[White "Miladinovic, Igor"]
[Black "Khenkin, Igor"]
[Result "1/2-1/2"]
[WhiteElo "2630"]
[BlackElo "2573"]
[PlyCount "29"]
[EventDate "2004.08.20"]

1.Nf3 d5 2.c4 c6 3.b3 Bg4 4.Bb2 e6 5.e3 Nd7 6.Be2 Ngf6 7.O-O Bd6 8.d4 O-O 
9.Nbd2 Qb8 10.h3 Bh5 11.Rc1 a5 12.a3 b5 13.cxb5 cxb5 14.Ne1 Bg6 15.Bd3 
1/2-1/2

[Event "XXIV Festival Conca della Presolana A"]
[Site "Bratto - Castione della Presolana ITA"]
[Date "2004.08.25"]
[Round "6"]
[White "Mione, Dario"]
[Black "Manzoni, Alessandro"]
[Result "1-0"]
[WhiteElo "2256"]
[BlackElo "2070"]
[PlyCount "35"]
[EventDate "2004.08.20"]

1.d4 d5 2.Nf3 c6 3.g3 e6 4.Bg2 Bd6 5.Nbd2 Nd7 6.e4 dxe4 7.Nxe4 Be7 8.Bf4 
Ndf6 9.Neg5 Nd7 10.Qe2 Bxg5 11.Nxg5 Ngf6 12.O-O-O O-O 13.h4 Qa5 14.Kb1 Nd5
15.Bd6 Re8 16.Qh5 N7f6 17.Qxf7+ Kh8 18.Bf8 1-0

[Event "XXIV Festival Conca della Presolana A"]
[Site "Bratto - Castione della Presolana ITA"]
[Date "2004.08.25"]
[Round "6"]
[White "Molteni, Costantino"]
[Black "Capece, Adolivio"]
[Result "1/2-1/2"]
[WhiteElo "2010"]
[BlackElo "2061"]
[PlyCount "32"]
[EventDate "2004.08.20"]

1.Nf3 c5 2.c4 Nc6 3.Nc3 g6 4.g3 Bg7 5.Bg2 d6 6.O-O Bg4 7.h3 Bd7 8.b3 Qc8 
9.Kh2 h5 10.h4 Nf6 11.Bb2 Ng4+ 12.Kg1 Nce5 13.Qc2 Nxf3+ 14.Bxf3 Ne5 15.Bg2
Nc6 16.e3 Nb4 1/2-1/2

[Event "XXIV Festival Conca della Presolana A"]
[Site "Bratto - Castione della Presolana ITA"]
[Date "2004.08.25"]
[Round "6"]
[White "Orsi, Massimiliano"]
[Black "Marta, Daniele"]
[Result "1/2-1/2"]
[WhiteElo "2046"]
[BlackElo "2089"]
[PlyCount "128"]
[EventDate "2004.08.20"]

1.e4 e6 2.d4 d5 3.Nc3 Bb4 4.Bd2 Ne7 5.Bd3 b6 6.Nge2 Ba6 7.O-O Bxd3 8.cxd3 
O-O 9.Rc1 c6 10.Bf4 Ng6 11.a3 Bd6 12.Bxd6 Qxd6 13.e5 Qe7 14.Qd2 Nd7 15.f4 
f5 16.Na4 Rfc8 17.g3 Nh8 18.Qe3 Nf7 19.Kf2 Nd8 20.Rg1 Nb7 21.Nac3 a6 22.
Na2 c5 23.Nac3 Na5 24.Na4 Nb3 25.Rc3 cxd4 26.Nxd4 Nxd4 27.Qxd4 b5 28.Rgc1 
Rxc3 29.Nxc3 Qd8 30.Ne2 Rc8 31.Rc3 Rxc3 32.Qxc3 Qb6+ 33.Qd4 Qc7 34.Qc3 Qb8
35.Ke3 h6 36.Qc6 Qa7+ 37.d4 Nf8 38.Nc1 Qe7 39.Nd3 g5 40.Qxa6 Ng6 41.Qd6 
Qe8 42.b3 Nf8 43.Qb4 Qh5 44.Qd2 Qf7 45.a4 bxa4 46.bxa4 Ng6 47.a5 gxf4+ 48.
Nxf4 Nxf4 49.gxf4 Qb7 50.Kf2 Qa6 51.Qc3 Qb7 52.Qa3 Kf7 53.h4 Qa7 54.Qc5 
Qb7 55.Qa3 Qa7 56.Qc3 h5 57.Qb4 Qc7 58.Qc5 Qb7 59.Qc3 Qa7 60.Kf3 Qb7 61.
Kf2 Qa7 62.Kg3 Qb7 63.Qf3 Kg6 64.Qc3 Kf7 1/2-1/2

[Event "XXIV Festival Conca della Presolana A"]
[Site "Bratto - Castione della Presolana ITA"]
[Date "2004.08.25"]
[Round "6"]
[White "Piantoni, Roberto"]
[Black "Radice, Luca"]
[Result "1-0"]
[WhiteElo "2124"]
[BlackElo "2085"]
[PlyCount "53"]
[EventDate "2004.08.20"]

1.d4 d5 2.Nf3 Nf6 3.e3 Bf5 4.c4 e6 5.Qb3 Nc6 6.Bd2 Rb8 7.cxd5 Nxd5 8.Nc3 
Nxc3 9.Bxc3 a6 10.Rd1 Bd6 11.d5 exd5 12.Qxd5 Be6 13.Qe4 Kf8 14.Bc4 Bxc4 
15.Qxc4 Qe7 16.O-O Qe6 17.Qa4 h5 18.Ng5 Qf5 19.h4 Re8 20.Qb3 Nd8 21.Rd5 
Qg4 22.Rd4 Qf5 23.Rfd1 f6 24.Rd5 Qg6 25.Nf3 Qf7 26.Bb4 Qe7 27.Rxd6 1-0

[Event "XXIV Festival Conca della Presolana A"]
[Site "Bratto - Castione della Presolana ITA"]
[Date "2004.08.25"]
[Round "6"]
[White "Pizzuto, Samuele Tullio"]
[Black "Mantovani, Renzo"]
[Result "0-1"]
[WhiteElo "2137"]
[BlackElo "2382"]
[PlyCount "60"]
[EventDate "2004.08.20"]

1.e4 c5 2.Nc3 Nc6 3.Bb5 Nd4 4.Bc4 d6 5.Nf3 Nf6 6.h3 a6 7.a4 Bd7 8.d3 b5 9.
axb5 axb5 10.Rxa8 Qxa8 11.Nd5 Nxf3+ 12.gxf3 Qc8 13.Ba2 Nxd5 14.Bxd5 e6 15.
Ba2 Qa6 16.Bb1 Qa1 17.Bd2 Qxb2 18.h4 Be7 19.Ke2 Bf6 20.h5 Ke7 21.Qe1 b4 
22.f4 Ra8 23.Kf3 Ra1 24.Rg1 Ba4 25.e5 Bc6+ 26.Kg4 dxe5 27.Bc1 Qd4 28.Be3 
Qd5 29.Rg3 exf4 30.Bxf4 Qf5# 0-1

[Event "XXIV Festival Conca della Presolana A"]
[Site "Bratto - Castione della Presolana ITA"]
[Date "2004.08.25"]
[Round "6"]
[White "Podini, Francesco"]
[Black "Campini, Marco"]
[Result "1-0"]
[WhiteElo "2074"]
[BlackElo "2173"]
[PlyCount "20"]
[EventDate "2004.08.20"]

1.e4 c5 2.Nc3 Nc6 3.f4 e6 4.Nf3 d5 5.Bb5 d4 6.Bxc6+ bxc6 7.Nb1 d3 8.c4 e5 
9.Nxe5 f6 10.Qh5+ Ke7 1-0

[Event "XXIV Festival Conca della Presolana A"]
[Site "Bratto - Castione della Presolana ITA"]
[Date "2004.08.25"]
[Round "6"]
[White "Ricci, Marco"]
[Black "Vinzoni, Andrea"]
[Result "1/2-1/2"]
[WhiteElo "2147"]
[BlackElo "2090"]
[PlyCount "47"]
[EventDate "2004.08.20"]

1.e4 c6 2.d4 d5 3.Nd2 dxe4 4.Nxe4 Bf5 5.Ng3 Bg6 6.h4 h6 7.Nf3 Nd7 8.h5 Bh7
9.Bd3 Bxd3 10.Qxd3 Qc7 11.Bd2 e6 12.Ne4 Ngf6 13.O-O-O O-O-O 14.g3 Nxe4 15.
Qxe4 Nf6 16.Qe2 Bd6 17.c4 c5 18.Bc3 cxd4 19.Bxd4 Qa5 20.Kb1 Bc7 21.c5 Rd5 
22.Bxf6 Rxd1+ 23.Rxd1 gxf6 24.Qc4 1/2-1/2

[Event "XXIV Festival Conca della Presolana A"]
[Site "Bratto - Castione della Presolana ITA"]
[Date "2004.08.25"]
[Round "6"]
[White "Rombaldoni, Axel"]
[Black "Bartolozzi, Roberto"]
[Result "0-1"]
[WhiteElo "2063"]
[BlackElo "2104"]
[PlyCount "80"]
[EventDate "2004.08.20"]

1.e4 e6 2.d4 d5 3.Nc3 Bb4 4.a3 Bxc3+ 5.bxc3 dxe4 6.Qg4 Nf6 7.Qxg7 Rg8 8.
Qh6 Rg6 9.Qe3 c5 10.Bb2 Nc6 11.O-O-O Qc7 12.Nh3 Bd7 13.g3 Ne7 14.Nf4 Rg8 
15.Qe2 O-O-O 16.Rg1 Bc6 17.Qc4 Ned5 18.Nxd5 Rxd5 19.Qe2 Rgd8 20.c4 Rxd4 
21.Bxd4 cxd4 22.g4 Qa5 23.Qd2 Qxa3+ 24.Kb1 Ba4 25.Qc1 Qc5 26.Qb2 d3 27.Kc1
Qg5+ 28.Rd2 Bxc2 29.Qb5 Qg7 30.Qc5+ Kb8 31.Qe5+ Ka8 32.g5 Ne8 33.Qxg7 Nxg7
34.Bg2 Nf5 35.Bxe4 Nd4 36.Bxd3 Bxd3 37.Rgd1 Nb3+ 38.Kb2 Nxd2 39.Rxd2 b5 
40.c5 Rd5 0-1

[Event "XXIV Festival Conca della Presolana A"]
[Site "Bratto - Castione della Presolana ITA"]
[Date "2004.08.25"]
[Round "6"]
[White "Salvador, Roland"]
[Black "Sanchez, Joseph"]
[Result "1/2-1/2"]
[WhiteElo "2178"]
[BlackElo "2453"]
[PlyCount "29"]
[EventDate "2004.08.20"]

1.e4 e6 2.d4 d5 3.exd5 exd5 4.Bd3 Bd6 5.Qe2+ Qe7 6.Nc3 c6 7.Qxe7+ Nxe7 8.
Nge2 Bf5 9.Bxf5 Nxf5 10.O-O Nd7 11.Nd1 Nf6 12.Ne3 Nxe3 13.Bxe3 O-O 14.h3 
Rfe8 15.Rfe1 1/2-1/2

[Event "XXIV Festival Conca della Presolana A"]
[Site "Bratto - Castione della Presolana ITA"]
[Date "2004.08.25"]
[Round "6"]
[White "Sax, Gyula"]
[Black "Piscopo, Pierluigi"]
[Result "1-0"]
[WhiteElo "2535"]
[BlackElo "2367"]
[PlyCount "53"]
[EventDate "2004.08.20"]

1.e4 c5 2.Nf3 e6 3.d3 Nc6 4.Qe2 Nge7 5.g3 d5 6.Bg2 g6 7.O-O Bg7 8.e5 h6 9.
h4 Qc7 10.Re1 b6 11.c3 Ba6 12.Na3 O-O-O 13.Bf4 g5 14.hxg5 Ng6 15.gxh6 Bxh6
16.Bxh6 Rxh6 17.b4 Rdh8 18.b5 Kb8 19.bxa6 f6 20.exf6 Qh7 21.Kf1 Rh1+ 22.
Ng1 Nge5 23.d4 cxd4 24.cxd4 Qh2 25.Bxh1 Qxh1 26.dxe5 Nd4 27.Qg4 1-0

[Event "XXIV Festival Conca della Presolana A"]
[Site "Bratto - Castione della Presolana ITA"]
[Date "2004.08.25"]
[Round "6"]
[White "Sbarra, Marco"]
[Black "Vezzosi, Paolo"]
[Result "0-1"]
[WhiteElo "2228"]
[BlackElo "2350"]
[PlyCount "122"]
[EventDate "2004.08.20"]

1.e4 d6 2.d4 Nf6 3.Nc3 g6 4.Be3 c6 5.Qd2 Qa5 6.h3 Nbd7 7.Nf3 Bg7 8.Bd3 O-O
9.Bh6 e5 10.Bxg7 Kxg7 11.O-O-O b5 12.Kb1 Re8 13.dxe5 dxe5 14.Nh4 Nc5 15.
Qe3 b4 16.Ne2 Be6 17.Nc1 Qb6 18.g4 Rad8 19.Rhe1 Na4 20.Ng2 c5 21.Qe2 Nc3+ 
22.bxc3 bxc3+ 23.Nb3 Qb4 24.Qe3 c4 25.Qc5 Qb8 26.Bxc4 Rc8 27.Qa5 Rxc4 28.
Ne3 Rb4 29.Nd5 Bxd5 30.exd5 Rb5 31.Qxc3 Nxd5 32.Qg3 Rc8 33.Rd3 Rbc5 34.Rd2
Nc3+ 35.Ka1 Rb5 36.Re3 Qc7 37.Qf3 h6 38.h4 e4 39.Qg3 a5 40.Qxc7 Rxc7 41.
Kb2 Na4+ 42.Kc1 Nc3 43.a4 Rb4 44.Rd8 Rxa4 45.Ra8 Nd5 46.Re2 Nf4 47.Rd2 Rb4
48.Rdd8 Ne6 49.Rdb8 Rxb8 50.Rxb8 a4 51.Nd2 Nc5 52.Kd1 f5 53.gxf5 gxf5 54.
Nc4 Nd7 55.Rd8 Nf6 56.Nd2 Ra7 57.Kc1 a3 58.Kb1 a2+ 59.Ka1 Ng4 60.f3 Ne3 
61.Rc8 Rd7 0-1

[Event "XXIV Festival Conca della Presolana A"]
[Site "Bratto - Castione della Presolana ITA"]
[Date "2004.08.25"]
[Round "6"]
[White "Scacco, Mauro"]
[Black "Astengo, Marcello"]
[Result "1-0"]
[WhiteElo "2117"]
[BlackElo "2056"]
[PlyCount "69"]
[EventDate "2004.08.20"]

1.e4 e6 2.d4 d5 3.Nc3 Nf6 4.Bg5 Bb4 5.e5 h6 6.Bd2 Bxc3 7.bxc3 Ne4 8.Qg4 
Kf8 9.Nf3 c5 10.Bd3 Nxd2 11.Kxd2 Qa5 12.Rhb1 c4 13.Bf1 Qa3 14.Nh4 Nc6 15.
f4 Rb8 16.Qf3 Ne7 17.g3 b5 18.Bh3 g6 19.f5 exf5 20.g4 fxg4 21.Bxg4 Bxg4 
22.Qxg4 Kg7 23.Qf4 Rb6 24.Rxb5 Rxb5 25.Qf6+ Kg8 26.Rf1 Rh7 27.e6 Rb8 28.
exf7+ Kf8 29.Nxg6+ Nxg6 30.Qxg6 Ke7 31.Qxh7 Rf8 32.Re1+ Kd8 33.Qg8 Qd6 34.
Re8+ Kd7 35.Qg4+ 1-0

[Event "XXIV Festival Conca della Presolana A"]
[Site "Bratto - Castione della Presolana ITA"]
[Date "2004.08.25"]
[Round "6"]
[White "Sedina, Elena"]
[Black "Campanile, Roberto"]
[Result "1-0"]
[WhiteElo "2396"]
[BlackElo "2183"]
[PlyCount "47"]
[EventDate "2004.08.20"]

1.e4 c5 2.Nf3 d6 3.Bb5+ Nc6 4.O-O Bd7 5.Re1 a6 6.Bxc6 Bxc6 7.d4 cxd4 8.
Nxd4 e6 9.Nc3 Be7 10.Qf3 Qc7 11.Qg3 Nf6 12.Nxc6 Qxc6 13.Qxg7 Rg8 14.Qh6 
O-O-O 15.a4 Rg6 16.Qe3 Rdg8 17.g3 h5 18.Ra3 Kb8 19.Nb5 axb5 20.axb5 Qc5 
21.Qxc5 dxc5 22.Bf4+ e5 23.Bxe5+ Kc8 24.Rd1 1-0

[Event "XXIV Festival Conca della Presolana A"]
[Site "Bratto - Castione della Presolana ITA"]
[Date "2004.08.25"]
[Round "6"]
[White "Shytaj, Luca"]
[Black "Drabke, Lorenz Maximilian"]
[Result "1/2-1/2"]
[WhiteElo "2344"]
[BlackElo "2428"]
[PlyCount "40"]
[EventDate "2004.08.20"]

1.e4 c5 2.Nf3 e6 3.d4 cxd4 4.Nxd4 a6 5.Nc3 b5 6.g3 Bb7 7.Bg2 Nf6 8.Qe2 b4 
9.Na4 Nc6 10.Nb3 d6 11.O-O Nd7 12.Rd1 Be7 13.Bf4 Nce5 14.Nac5 Bc6 15.Nxd7 
Bxd7 16.Nd4 Qc8 17.c3 bxc3 18.Rac1 O-O 19.Rxc3 Qb7 20.Rb3 Qc7 1/2-1/2

[Event "XXIV Festival Conca della Presolana A"]
[Site "Bratto - Castione della Presolana ITA"]
[Date "2004.08.25"]
[Round "6"]
[White "Ticozzi, Stefano"]
[Black "Pechy, Alaster"]
[Result "1/2-1/2"]
[WhiteElo "2079"]
[BlackElo "2138"]
[PlyCount "21"]
[EventDate "2004.08.20"]

1.d4 Nf6 2.Nf3 g6 3.Bg5 Bg7 4.Nbd2 d5 5.e3 Bg4 6.Be2 c6 7.c3 Qb6 8.Qb3 
Nbd7 9.h3 Bxf3 10.Bxf3 O-O 11.O-O 1/2-1/2

[Event "XXIV Festival Conca della Presolana A"]
[Site "Bratto - Castione della Presolana ITA"]
[Date "2004.08.25"]
[Round "6"]
[White "Turci, Alberto"]
[Black "Cazzaniga, Walter"]
[Result "1/2-1/2"]
[WhiteElo "2023"]
[BlackElo "2081"]
[PlyCount "53"]
[EventDate "2004.08.20"]

1.f4 d5 2.Nf3 Nf6 3.e3 c5 4.d4 g6 5.c3 Bg7 6.Bd3 O-O 7.Nbd2 Qc7 8.Ne5 Nc6 
9.O-O b6 10.Qf3 Bf5 11.Bxf5 gxf5 12.Qh3 e6 13.Ndf3 Ne4 14.Bd2 f6 15.Nxc6 
Qxc6 16.Rac1 c4 17.b3 b5 18.Rc2 Rf7 19.b4 a5 20.a3 axb4 21.axb4 Rfa7 22.
Rfc1 Qe8 23.g3 Ra2 24.Qf1 R8a4 25.Qd1 Qa8 26.Be1 Rxc2 27.Rxc2 1/2-1/2

[Event "XXIV Festival Conca della Presolana A"]
[Site "Bratto - Castione della Presolana ITA"]
[Date "2004.08.25"]
[Round "6"]
[White "Valenti, Giuseppe"]
[Black "Gardi, Giuseppe"]
[Result "1/2-1/2"]
[WhiteElo "2288"]
[BlackElo "2061"]
[PlyCount "95"]
[EventDate "2004.08.20"]

1.e4 g6 2.d4 Bg7 3.Nf3 c6 4.h3 d5 5.e5 f6 6.exf6 exf6 7.Bd3 Nh6 8.Nc3 O-O 
9.O-O Nd7 10.Bf4 Nf7 11.Qd2 f5 12.Rfe1 Nf6 13.Bf1 Ne4 14.Qd3 g5 15.Be3 f4 
16.Bc1 Bf5 17.Qd1 Qf6 18.Bd3 Rae8 19.Bd2 Bg6 20.Re2 h5 21.Ne5 Nxe5 22.dxe5
Qxe5 23.Nxe4 dxe4 24.Bb4 c5 25.Bc4+ Kh7 26.Bc3 Qc7 27.Rd2 Rd8 28.Bxg7 Kxg7
29.Rd5 Qe7 30.Qe1 Rxd5 31.Bxd5 b6 32.Qc3+ Qf6 33.Qxf6+ Kxf6 34.Re1 Re8 35.
c3 g4 36.hxg4 hxg4 37.Bc6 Re7 38.Kf1 Bf5 39.Rd1 e3 40.fxe3 Rxe3 41.Bb5 Be6
42.a3 g3 43.Rd8 Bf5 44.Rf8+ Kg5 45.Rg8+ Kh6 46.Rf8 Kg5 47.Rg8+ Kf6 48.Rf8+
1/2-1/2

[Event "XXIV Festival Conca della Presolana A"]
[Site "Bratto - Castione della Presolana ITA"]
[Date "2004.08.25"]
[Round "6"]
[White "Vancini, Edoardo"]
[Black "Buccoliero, Alessandro"]
[Result "1/2-1/2"]
[WhiteElo "2294"]
[BlackElo "2123"]
[PlyCount "28"]
[EventDate "2004.08.20"]

1.d4 d5 2.Nf3 c6 3.e3 Nf6 4.c4 a6 5.Nbd2 b5 6.b3 Bf5 7.Be2 e6 8.O-O Bd6 9.
Bb2 O-O 10.Nh4 Nbd7 11.a4 bxc4 12.bxc4 Bxh2+ 13.Kxh2 Qb8+ 14.g3 Qxb2 
1/2-1/2

[Event "XXIV Festival Conca della Presolana A"]
[Site "Bratto - Castione della Presolana ITA"]
[Date "2004.08.25"]
[Round "6"]
[White "Vinciguerra, Marco"]
[Black "Nieus, Thierry"]
[Result "1/2-1/2"]
[WhiteElo "2129"]
[BlackElo "2221"]
[PlyCount "114"]
[EventDate "2004.08.20"]

1.Nf3 d5 2.g3 c5 3.Bg2 Nc6 4.O-O Nf6 5.d3 e6 6.Nbd2 Be7 7.c4 O-O 8.a3 a6 
9.b3 Bd7 10.Bb2 b5 11.d4 bxc4 12.bxc4 cxd4 13.Nxd4 Qb6 14.Nxc6 Bxc6 15.Rb1
Qa5 16.Nb3 Qa4 17.Nd4 Qxd1 18.Rfxd1 Ba4 19.Rdc1 Rfc8 20.cxd5 Nxd5 21.Rxc8+
Rxc8 22.Rc1 Rb8 23.Bxd5 exd5 24.Nf5 Bf8 25.Bd4 Bd7 26.Ne3 Be6 27.f4 Rc8 
28.Rxc8 Bxc8 29.a4 Bd7 30.a5 Bb4 31.Bb6 Bc6 32.Kf2 Kf8 33.Nc2 Bd2 34.Nd4 
Ba4 35.Kf3 Ke7 36.Nf5+ Kf6 37.g4 g6 38.Nd4 Ke7 39.h4 Kd6 40.h5 gxh5 41.
gxh5 Ke7 42.Kg4 f6 43.Kf3 Bd7 44.Bc7 f5 45.Kg3 Be1+ 46.Kh3 Bc3 47.Nf3 Bb5 
48.e3 Be2 49.Nd4 Bg4+ 50.Kg2 Kd7 51.Bb6 Be1 52.Nf3 Bxf3+ 53.Kxf3 Bc3 54.
Ke2 Kc6 55.Kd3 Bf6 56.Ke2 Kb5 57.Kd3 Kc6 1/2-1/2